Голландская живопись XVII-XVIII веков в Эрмитаже: очерк-путеводитель

Bibliographische Detailangaben
1. Verfasser: Кузнецов Ю. И. Юрий Иванович
Sprache:Russisch
Veröffentlicht: Ленинград, Искусство, 1984
Ausgabe:2-е изд.
Schlagworte:
Format: MixedMaterials Buch
KOHA link:https://koha.lib.tpu.ru/cgi-bin/koha/opac-detail.pl?biblionumber=232587

MARC

LEADER 00000nam1a2200000 4500
001 232587
005 20231101231201.0
020 |a RU  |b 84-41528 
035 |a (RuTPU)RU\TPU\book\253640 
090 |a 232587 
100 |a 20130215d1984 m y0rusy5003 ca 
101 0 |a rus 
200 1 |a Голландская живопись XVII-XVIII веков в Эрмитаже  |e очерк-путеводитель  |f Ю. Кузнецов 
205 |a 2-е изд. 
210 |a Ленинград  |c Искусство  |c Ленингр. отд-ние  |d 1984 
215 |a 240 с.  |c ил., 8 л. цв. ил. 
601 0 2 |a Эрмитаж. Ленинград 
606 1 |a Искусство  |2 stltpush  |3 (RuTPU)RU\TPU\subj\13187  |9 39838 
610 1 |a Нидерландская живопись 
610 1 |a Эрмитаж Государственный [Ленинград] 
610 1 |a путеводители 
610 1 |a 17 век 
610 1 |a 18 век 
610 1 |a искусство 
610 1 |a музейные собрания 
675 |a 7(069)  |z rus 
700 1 |a Кузнецов  |b Ю. И.  |g Юрий Иванович  |4 070 
801 0 |a RU  |b RuMRKP  |c 19950704  |g psbo 
801 1 |a RU  |b 63413507  |c 20130215 
801 2 |a RU  |b 63413507  |c 20131002  |g RCR 
942 |c BK